000 00597nam a2200229Ia 4500
005 20250506172806.0
008 008 250505s9999 xx 000 0 eng d
020 _a9789390644902
037 _aTB
040 _aILCL
_beng
_cILCL
041 _aeng
_2eng
082 _qILCL
100 _aKumar, H L
245 0 _aPractical Guide to Delhi School Education Act and Rules
250 _a15
260 _aDelhi
_bLaw and Justice Publishing Company
_c2022
300 _axi,372p.
365 _aINR
700 _aKumar, Gaurav
942 _cTB
_2Colon Classification
999 _c1311977
_d1311977